000 00745nam a2200229Ia 4500
008 191130s1998##################000#0#eng##
020 _a0792380150
022 _a97041619
040 _aACL
_cACL
082 _a006.7 GON
100 _aGong, Yihong
245 _aIntelligent image databases : towards advanced image retrieval
_cby Yihong Gong
260 _aDeventer ; Boston
_bKluwer Academic Publishers
_cc1998
300 _axv, 134 p. : ill. ; 25 cm
500 _aIncludes bibliographical references (p. [129]-132) and index
650 _aDatabase management
650 _aImage processing - Digital techniques
650 _aMultimedia systems
990 _a886dd85bac10000c7e4d21052608f2bb
991 _a415502
999 _c216924
_d216924